Pokémon - Paldea-Dex - Statistiken

Allgemein
  • Dieses Quiz wurde 83 mal gespielt
  • Das Durchschnittsergebnis liegt bei 308 aus 400
Antwortstatistiken
Dex-Nr. Pokémon % Korrekt
009 Bailonda
94%
002 Feliospa
94%
001 Felori
94%
010 Ferkuli
94%
011 Fragrunz
94%
065 Galagladi
94%
064 Guardevoir
94%
026 Hundemon
94%
025 Hunduster
94%
063 Kirlia
94%
004 Krokel
94%
007 Kwaks
94%
005 Lokroko
94%
003 Maskagato
94%
006 Skelokrok
94%
062 Trasla
94%
203 Affiti
89%
373 Agiluza
89%
069 Alpollo
89%
180 Aquana
89%
048 Azumarill
89%
046 Azurill
89%
077 Backel
89%
394 Baojian
89%
181 Blitza
89%
377 Brüllschweif
89%
393 Chongjian
89%
389 Cryospino
89%
020 Dartignis
89%
019 Dartiri
89%
395 Dinglu
89%
397 Donnersichel
89%
123 Donphan
89%
387 Eisendorn
89%
384 Eisenhand
89%
390 Espinodon
89%
179 Evoli
89%
193 Farigiraf
89%
187 Feelinara
89%
053 Felino
89%
021 Fiaro
89%
182 Flamara
89%
059 Fluffeluff
89%
185 Folipurba
89%
388 Frospino
89%
008 Fuentente
89%
135 Garados
89%
070 Gengar
89%
186 Glaziola
89%
076 Hefel
89%
134 Karpador
89%
061 Knuddeluff
89%
399 Koraidon
89%
015 Lextremo
89%
209 Magnetilo
89%
210 Magneton
89%
211 Magnezone
89%
047 Marill
89%
014 Micrick
89%
400 Miraidon
89%
184 Nachtara
89%
068 Nebulak
89%
375 Nigiragi
89%
122 Phanpy
89%
073 Pichu
89%
074 Pikachu
89%
183 Psiana
89%
060 Pummeluff
89%
075 Raichu
89%
376 Riesenzahn
89%
013 Spinsidias
89%
054 Suelord
89%
012 Tarundel
89%
223 Tauros
89%
215 Teddiursa
89%
216 Ursaring
89%
396 Yuyu
89%
290 Adebom
83%
103 Ampharos
83%
363 Arktip
83%
167 Azugladis
83%
138 Barschuft
83%
278 Brutalanda
83%
078 Bummelz
83%
044 Chaneira
83%
166 Crimanzo
83%
318 Despotar
83%
148 Digda
83%
149 Digdri
83%
348 Dragonir
83%
349 Dragoran
83%
109 Drapfel
83%
277 Draschel
83%
347 Dratini
83%
189 Dummimisel
83%
188 Dummisel
83%
383 Eisenbündel
83%
386 Eisenfalter
83%
385 Eisenhals
83%
398 Eisenkrieger
83%
382 Eisenrad
83%
145 Flabébé
83%
146 Floette
83%
147 Florges
83%
312 Friedwuff
83%
082 Frubaila
83%
081 Frubberl
83%
083 Fruyal
83%
391 Gierspenst
83%
192 Girafarig
83%
311 Gruff
83%
374 Heerashai
83%
045 Heiteira
83%
319 Humanolith
83%
067 Hypno
83%
126 Kaumalat
83%
276 Kindwurm
83%
249 Klibbe
83%
128 Knakrack
83%
108 Knapfel
83%
165 Knarbon
83%
127 Knarksel
83%
380 Kriechflügel
83%
316 Larvitar
83%
080 Letarking
83%
164 Lucario
83%
095 Luxio
83%
096 Luxtra
83%
141 Mauzi
83%
157 Maxax
83%
155 Milza
83%
392 Monetigo
83%
351 Mottineva
83%
079 Muntier
83%
023 Pamamo
83%
022 Pamo
83%
355 Petznief
83%
317 Pupitar
83%
254 Relluk
83%
353 Rexblisar
83%
163 Riolu
83%
381 Sandfell
83%
110 Schlapfel
83%
296 Schlurm
83%
094 Sheinux
83%
352 Shnebedeck
83%
356 Siberio
83%
142 Snobilikat
83%
202 Sproxi
83%
244 Tentagra
83%
066 Traumato
83%
114 Traunfugil
83%
115 Traunmagil
83%
101 Voltilamm
83%
178 Voltrean
83%
177 Voltrel
83%
102 Waaty
83%
043 Wonneira
83%
378 Wutpilz
83%
214 Arkani
78%
364 Arktilas
78%
153 Bronzel
78%
154 Bronzong
78%
368 Caesurio
78%
250 Chilingel
78%
200 Dedenne
78%
292 Delfinator
78%
212 Ditto
78%
371 Duodino
78%
160 Epitaff
78%
072 Famieps
78%
358 Firnontor
78%
361 Flaniwal
78%
379 Flatterhaar
78%
263 Flattutu
78%
359 Frosdedje
78%
213 Fukano
78%
129 Geosali
78%
367 Gladiantri
78%
369 Gladimperio
78%
251 Halupenjo
78%
117 Hariyama
78%
039 Honweisel
78%
016 Hoppspross
78%
017 Hubelupf
78%
370 Kapuno
78%
294 Knattatox
78%
293 Knattox
78%
362 Kolowal
78%
233 Kramshef
78%
232 Kramurx
78%
041 Kranoviz
78%
042 Krarmor
78%
113 Krawalloro
78%
224 Leufeo
78%
332 Liebiskus
78%
116 Makuhita
78%
040 Meikro
78%
158 Menki
78%
239 Mimigma
78%
196 Mobtiff
78%
295 Mopex
78%
291 Normifin
78%
084 Olini
78%
086 Olithena
78%
257 Omot
78%
024 Pamomamo
78%
018 Papungha
78%
133 Pelipper
78%
264 Psiopatra
78%
225 Pyroleo
78%
150 Qurtel
78%
159 Rasaff
78%
131 Saltigant
78%
288 Schligda
78%
289 Schligdri
78%
168 Schmerbe
78%
357 Schneppke
78%
130 Sedisal
78%
156 Sharfax
78%
255 Skarabaks
78%
350 Snomnom
78%
097 Staralili
78%
099 Staraptor
78%
098 Staravia
78%
258 Tannza
78%
245 Tenterra
78%
372 Trikephalo
78%
173 Viscargot
78%
174 Viscogon
78%
172 Viscora
78%
038 Wadribie
78%
169 Welsar
78%
132 Wingull
78%
297 Zobiris
78%
071 Zwieps
78%
345 Aggrostella
72%
220 Altaria
72%
121 Amfira
72%
330 Austos
72%
331 Baldorfish
72%
299 Banette
72%
137 Barrakiefa
72%
170 Blipp
72%
256 Bluzuk
72%
354 Botogel
72%
222 Chevrumm
72%
204 Damhirplex
72%
143 Driftlon
72%
144 Drifzepeli
72%
055 Enton
72%
056 Entoron
72%
333 Finneon
72%
324 Flegmon
72%
279 Forgita
72%
259 Forstellka
72%
344 Garstella
72%
365 Geronimatz
72%
175 Glibunkel
72%
281 Granforgita
72%
112 Groink
72%
305 Grolldra
72%
235 Hypnomorba
72%
307 Katapuldra
72%
091 Klonkett
72%
335 Knirfish
72%
313 Kommandutan
72%
325 Lahmus
72%
326 Laschoking
72%
208 Lektrobal
72%
334 Lumineon
72%
221 Mähikel
72%
197 Mastifioso
72%
234 Mollimorba
72%
120 Molunk
72%
236 Morbitesse
72%
329 Muschas
72%
085 Olivinio
72%
201 Pachirisu
72%
273 Pampross
72%
272 Pampuli
72%
306 Phandra
72%
136 Pikuda
72%
314 Quartermak
72%
199 Riffex
72%
270 Salanga
72%
271 Sanaconda
72%
327 Schalellos
72%
261 Scherox
72%
140 Schlukwech
72%
139 Schluppuck
72%
217 Sengo
72%
190 Sesokitz
72%
298 Shuppet
72%
260 Sichlor
72%
194 Sleima
72%
195 Sleimok
72%
231 Snibunna
72%
230 Sniebel
72%
111 Spoink
72%
280 Tafforgita
72%
198 Toxel
72%
176 Toxiquak
72%
246 Tropius
72%
207 Voltobal
72%
219 Wablu
72%
092 Wagong
72%
171 Wampitz
72%
366 Washakwil
72%
034 Zirpeise
72%
033 Zirpurze
72%
229 Zoroark
72%
228 Zorua
72%
337 Algitt
67%
285 Bähmon
67%
051 Bamelin
67%
052 Bojelin
67%
321 Britzigel
67%
151 Camaub
67%
152 Camerupt
67%
323 Colossand
67%
105 Dressella
67%
303 eF-eM
67%
237 Fatalitee
67%
360 Frigometri
67%
328 Gastrodon
67%
049 Gehweiher
67%
243 Horrerba
67%
206 Hutsassa
67%
274 Ignivor
67%
107 Kapilz
67%
106 Knilz
67%
118 Krabbox
67%
119 Krawell
67%
191 Kronjuwild
67%
320 Kubuin
67%
124 Kupfanti
67%
104 Lilminip
67%
309 Lumiflora
67%
308 Lumispross
67%
050 Maskeregen
67%
162 Meditalis
67%
161 Meditie
67%
087 Mobai
67%
088 Mogelbaum
67%
093 Montecarbo
67%
287 Olangaar
67%
125 Patinaraja
67%
286 Pelzebub
67%
029 Raffel
67%
275 Ramoth
67%
310 Rotom
67%
322 Sankabuh
67%
339 Scampisto
67%
030 Schlaraffel
67%
262 Skaraborn
67%
338 Tandrak
67%
205 Tarnpignon
67%
304 UHaFnir
67%
218 Vipitis
67%
242 Weherba
67%
090 Wolwerock
67%
089 Wuffels
67%
340 Wummer
67%
283 Brimano
61%
282 Brimova
61%
240 Clavion
61%
267 Ganovil
61%
265 Hippopotas
61%
266 Hippoterus
61%
247 Imantis
61%
302 Kryppuk
61%
336 Mamolida
61%
027 Mangunior
61%
028 Manguspektor
61%
248 Mantidea
61%
238 Mortipot
61%
036 Puponcho
61%
035 Purmel
61%
269 Rabigator
61%
301 Resladero
61%
268 Rokkaiman
61%
241 Servol
61%
284 Silembrim
61%
226 Skunkapuh
61%
227 Skuntank
61%
032 Sonnflora
61%
031 Sonnkern
61%
037 Vivillon
61%
100 Choreogel
56%
346 Flaminkno
56%
315 Koalelu
56%
300 Legios
56%
342 Zapplalek
56%
343 Zapplarang
56%
341 Zapplardin
56%
058 Kamalm
50%
057 Kamehaps
50%
253 Noktuska
50%
252 Tuska
50%
Keine übereinstimmenden Quizze gefunden
Verteilung der Resultate
Anzahl Personen mit jedem Resultat
Perzentil nach korrekt beantworteten Fragen
Ihre Resultats-Entwicklung
Sie haben dieses Quiz noch nicht gespielt